000 00668nam a2200217Ia 4500
005 20241129111231.0
008 241129s9999||||xx |||||||||||||| ||und||
020 _a978-93-90981-61-8
037 _aTB
040 _aCRL
_beng
_cCRL
041 _aeng
_2eng
084 _aO157,6M38x 111R3
_qCRL
100 _aBarthwal Prashant Au.
_9555945
245 0 _aSeer of bharatiya awakening: Bankim Chandra Chattopadhyay
_cBarthwal Prashant Au.
260 _aNew Delhi, India
_bIndus Scrolls press
_c2023
300 _axlviii,277p.
365 _aINR
_b899
650 _aBengali Prose
_9192607
942 _cTB
_hO157,6M38x 111R3
999 _c1229508
_d1229508